Readers theatre for beginning readers

Αποθηκεύτηκε σε:
Λεπτομέρειες βιβλιογραφικής εγγραφής
Κύριος συγγραφέας: Barchers, Suzanne I.
Μορφή: Βιβλίο
Γλώσσα:English
Δημοσίευση: Englewood, Colorado : Teacher Ideas Press, 1993
Θέματα:
Ετικέτες: Προσθήκη ετικέτας
Δεν υπάρχουν, Καταχωρήστε ετικέτα πρώτοι!

MARC

LEADER 00000nam a2200000 i 4500
001 1/97079
008 991216s1993 eng d
020 |a 1-56308-136-9 
035 |l 10056001 
040 |a GR-MY-UA  |b gre  |e aacr 
041 0 |a eng 
082 0 |a 812.54 
100 1 |a Barchers, Suzanne I. 
245 1 0 |a Readers theatre for beginning readers /  |c Suzanne I. Barchers 
260 |a Englewood, Colorado :   |b Teacher Ideas Press,   |c 1993 
300 |a 97 p. 
650 0 0 |a Children's plays, American. 
650 0 0 |a Readers' theatre. 
852 |a INST  |b RHODES  |e 19991216  |h 812.54 BAR  |p 005400012138  |q 005400012138  |t BK  |y 0 
901 |a BIBL4-2000-1 
909 |a Ρ  |b 068534 
922 |a 4ΕΛΗ  |b 199909  |c ΚΠΣ/154  |d GLORY BOOKS 
970 |a ΚΟΥΛΑΚΙΟΤΗ  |b ΛΙΤΣΑ  |z 2000/01/14